00590 2200229 4500001002100000005001500021035002500036090001800061245005000079260004400129300002400173007000300197008004100200040001700241082001400258084001600272100002200288650001400310850001200324990001200336990001200348YOGYA00000000002522920211001014521 a0010-081400000024947 aL 294.3 WUL s10aSang hyang kamahayanan mantranaya /cK. Wulff41aKopenhagen :bLevin & Munksgaard,c1935 a72 halaman ;c24 cmta211001s1935 xx ger d aYOPDYOGbind04223a294.3 a294.3 WUL s1 aWulff. Kepenulis 4aBuddhisme aYOPDYOG a40439-a a40439-a